书目信息 |
| 题名: |
出国旅游英语1000单词速查速用
|
|
| 作者: | ;亲历者编辑部 编著 | |
| 分册: | ||
| 出版信息: | 北京 中国铁道出版社 2018 |
|
| 页数: | 20,228页 | |
| 开本: | 21cm | |
| 丛书名: | ||
| 单 册: | ||
| 中图分类: | F59 , H313 | |
| 科图分类: | ||
| 主题词: | 旅游--英语--词汇--自学参考资料 | |
| 电子资源: | ||
| ISBN: | 978-7-113-24198-8 | |
| 000 | 00988nam0 2200241 450 | |
| 001 | 012001004390 | |
| 005 | 20140928162349.0 | |
| 010 | @a978-7-113-24198-8@dCNY48.00 | |
| 100 | @a20180819d2018 em y0chiy50 ea | |
| 101 | 0 | @achi@aeng |
| 102 | @aCN@b110000 | |
| 105 | @aa z 000yy | |
| 106 | @ar | |
| 200 | 1 | @a出国旅游英语1000单词速查速用@9chu guo lv you ying yu 1000 dan ci su cha su yong@f《亲历者》编辑部编著 |
| 210 | @a北京@c中国铁道出版社@d2018 | |
| 215 | @a20,228页@c图@d21cm | |
| 330 | @a本书是将英语学习与旅游出行融合在一起的高效单词查找书,以模拟旅行为主体架构,涵盖了出国游玩的吃、住、行、游、购、娱各个方面的内容,各个章节提炼出必要的1000个关键词进行学习和记忆,每个单词配以相关的提示和实际应用的句子,每个章节后也都附有“驴友亲历”栏目,给读者一些旅行参考。 | |
| 606 | 0 | @a旅游@x英语@x词汇@j自学参考资料 |
| 690 | @aF59@v5 | |
| 690 | @aH313@v5 | |
| 711 | 02 | @a亲历者编辑部@9qin li zhe bian ji bu@4编著 |
| 801 | 0 | @aCN@b上海新华@c20180901 |
| 905 | @b1164905-9@dF59@e561@f5 | |
| 出国旅游英语1000单词速查速用/《亲历者》编辑部编著.-北京:中国铁道出版社,2018 |
| 20,228页:图;21cm |
| ISBN 978-7-113-24198-8:CNY48.00 |
| 本书是将英语学习与旅游出行融合在一起的高效单词查找书,以模拟旅行为主体架构,涵盖了出国游玩的吃、住、行、游、购、娱各个方面的内容,各个章节提炼出必要的1000个关键词进行学习和记忆,每个单词配以相关的提示和实际应用的句子,每个章节后也都附有“驴友亲历”栏目,给读者一些旅行参考。 |
| ● |
| 相关链接 |
|
|
|
|
正题名:出国旅游英语1000单词速查速用
索取号:F59/561
 
预约/预借
| 序号 | 登录号 | 条形码 | 馆藏地/架位号 | 状态 | 备注 |
| 1 | 1164905 | 211649055 | 第一样本阅览室/ [索取号:F59/561] | 在馆 | |
| 2 | 1164906 | 211649064 | 第一借阅区/ [索取号:F59/561] | 在馆 | |
| 3 | 1164907 | 211649073 | 第一借阅区/ [索取号:F59/561] | 在馆 | |
| 4 | 1164908 | 211649082 | 密集书库-海洋学院/ [索取号:F59/561] | 在馆 | |
| 5 | 1164909 | 211649091 | 第一借阅区/ [索取号:F59/561] | 在馆 |